10 to 1: Children's Books Quiz Stats

 Plays Quiz Updated Apr 9, 2019

Score 0/55 Timer 07:00
4 Plays Today
% Correct
Chocolate Cake
96.8%
Piglet
96.7%
Ice-Cream Cone
96.4%
Cupcake
96.4%
Tigger
96.4%
Slice of Salami
96.3%
Slice of Swiss Cheese
96.2%
Lollipop
96.2%
Slice of Watermelon
96.1%
Piece of Cherry Pie
96%
Sausage
95.8%
Eeyore
95.5%
Christopher Robin
95.5%
Winnie-the-Pooh
95.4%
Pickle
94.7%
Charlie Bucket
94.4%
Augustus Gloop
94.3%
Violet Beauregarde
93.8%
Veruca Salt
93.5%
Roo
93.4%
Mike Teavee
92.7%
Roared Their Terrible Roars
92.6%
He'll Draw a Picture
92.5%
Rabbit
92.4%
He'll Start Sweeping
92.4%
Owl
92.4%
Gnashed Their Terrible Teeth
92%
Kack
91.9%
% Correct
Rolled Their Terrible Eyes
91.8%
Lack
91.3%
Nack
91.2%
Showed Their Terrible Claws
90.2%
Mack
89.8%
Jack
89.7%
Kanga
89.6%
Flopsy
89.5%
Mopsy
88.6%
Pack
88.4%
The Lorax
88.2%
Cottontail
87.2%
Ouack
86.4%
Woset
85%
Cat
84.7%
Quack
84.1%
Bird
84.1%
Dog
83.1%
Yottle
82.9%
Frog
82.8%
Zlock
79.5%
Wasket
79%
Dragon
78.6%
Zelf
77.5%
Witch
74.7%
Nink
74.2%
Nureau
64.8%

You're not logged in!

Compare scores with friends on all Sporcle quizzes.
OR
Log In

Sporcle TV

Today on Sporcle TV


Watch our educational content, quiz creation guides, and fun videos on Sporcle TV.

Show Comments

Extras

Top Quizzes Today


Score Distribution

Your Account Isn't Verified!

In order to create a playlist on Sporcle, you need to verify the email address you used during registration. Go to your Sporcle Settings to finish the process.

Report this User

Report this user for behavior that violates our Community Guidelines.

Details: